LEADER 00987nam0-2200277 --450 001 9910265454003321 005 20180423112009.0 100 $a20180423d2000----kmuy0itay5050 ba 101 0 $aita 102 $aIT 105 $a 001yy 200 1 $aAnalisi tecnico-economica di una filiera di qualità$eil caso dell'olio extravergine DOP Umbria$fAndrea Marchini, Rossella Pampanini 210 $aPerugia$c\s. n.!$d2000$ePerugia$gArte stampa 215 $a181 p.$cill.$d24 cm 300 $aIn testa al front.: Unione europea; Regione dell' Umbria; Assessorato agricoltura e foreste. 610 0 $aOlio di oliva$aIndustria$aItalia 676 $a338.47664362$v19 700 1$aMarchini,$bAndrea$f<1962- >$0361279 701 1$aPampanini,$bRossella$0749848 801 0$aIT$bUNINA$gREICAT$2UNIMARC 901 $aBK 912 $a9910265454003321 952 $aQ1.222$fDECTS 959 $aDECTS 996 $aAnalisi tecnico-economica di una filiera di qualità$91509233 997 $aUNINA LEADER 03206nam 2200685Ia 450 001 9910462541303321 005 20200520144314.0 010 $a1-283-59970-8 010 $a9786613912152 010 $a0-7618-5124-0 035 $a(CKB)2670000000241726 035 $a(EBL)1021927 035 $a(OCoLC)855502222 035 $a(SSID)ssj0000711043 035 $a(PQKBManifestationID)12256739 035 $a(PQKBTitleCode)TC0000711043 035 $a(PQKBWorkID)10681835 035 $a(PQKB)10024805 035 $a(MiAaPQ)EBC1021927 035 $a(Au-PeEL)EBL1021927 035 $a(CaPaEBR)ebr10602209 035 $a(CaONFJC)MIL391215 035 $a(EXLCZ)992670000000241726 100 $a20100320d2010 uy 0 101 0 $aeng 135 $aur|n|---||||| 181 $ctxt 182 $cc 183 $acr 200 00$aBorderlands$b[electronic resource] $eethnographic approaches to security, power, and identity /$fedited by Hastings Donnan and Thomas M. Wilson 210 $aLanham, Md. $cUniversity Press of America$dc2010 215 $a1 online resource (159 p.) 300 $aDescription based upon print version of record. 311 $a0-7618-5123-2 320 $aIncludes bibliographical references and index. 327 $aCover; Title Page; Copyright Page; Table of Contents; Acknowledgments; Contributors; Chapter 1: Ethnography, security and the 'frontier effect' in borderlands; Chapter 2: US-Mexico border cultures and the challenge of asymmetrical interpenetration; Chapter 3: Security and ethnography on the Triple Frontier of the Southern Cone; Chapter 4: Researching the border's economic underworld: The 'fayuca hormiga' in the US-Mexico borderlands; Chapter 5: Symbols of security and contest along the Irish border; Chapter 6: Borderland tactics: Cross-border marriage in the highlands of Borneo 327 $aChapter 7: Fieldwork on the border: Ethnographic engagements in south-eastern EuropeChapter 8: Gating ecology in a gated globe: Environmental aspects of 'securing our borders'; Index 330 $aThis book examines how different kinds of security and insecurity manifest and interconnect at state borders, encompassing the personal and the political, the social and the economic, in ways that reinforce or undermine the identities of those whose lives these borders frame. 606 $aBorder security$xEnvironmental aspects$vCase studies 606 $aBorder security$xSocial aspects$vCase studies 606 $aBorderlands$vCase studies 606 $aEthnology$xResearch$vCase studies 606 $aIntercultural communication$vCase studies 607 $aMexican-American Border Region$vCase studies 608 $aElectronic books. 615 0$aBorder security$xEnvironmental aspects 615 0$aBorder security$xSocial aspects 615 0$aBorderlands 615 0$aEthnology$xResearch 615 0$aIntercultural communication 676 $a305.8 701 $aDonnan$b Hastings$0546745 701 $aWilson$b Thomas M$0309805 801 0$bMiAaPQ 801 1$bMiAaPQ 801 2$bMiAaPQ 906 $aBOOK 912 $a9910462541303321 996 $aBorderlands$92056427 997 $aUNINA LEADER 01260nas 2200445- 450 001 996306250003316 005 20230403213018.0 011 $a2377-1143 035 $a(DE-599)ZDB2836245-7 035 $a(OCoLC)900645453 035 $a(CKB)3710000000477949 035 $a(CONSER)--2015200259 035 $a(EXLCZ)993710000000477949 100 $a20150123b20142019 o-- a 101 0 $aeng 135 $aur||||||||||| 181 $ctxt$2rdacontent 182 $cc$2rdamedia 183 $acr$2rdacarrier 200 00$aAIMS genetics 210 1$aSpringfield, MO :$cAIMS Press,$d[2014]- 210 31$a[Alhambra CA] :$cby International Knowledge Direct Medical Association 215 $a1 online resource 300 $aRefereed/Peer-reviewed 531 10$aAIMS Genet 531 0 $aAIMS genet. 606 $aGenetics$vPeriodicals 606 $aGenetic Phenomena 606 $aGenetics$2fast$3(OCoLC)fst00940117 608 $aPeriodical. 608 $aPeriodicals.$2fast 615 0$aGenetics 615 12$aGenetic Phenomena. 615 7$aGenetics. 676 $a575 712 02$aAmerican Institute of Mathematical Sciences, 906 $aJOURNAL 912 $a996306250003316 996 $aAIMS genetics$91954158 997 $aUNISA